drapeaux difficile - Statistiques

Statistiques générales
  • Ce quiz a été pris 172 fois
  • Le résultat moyen est 11 sur 16
Statistiques - réponses
Par images Réponse % Correct
Bhoutan
95%
saint luci
90%
Papouasie nouvelle guinée
86%
Burundi
82%
Eswatini
82%
Lesotho
80%
Brunei
79%
Samoa
78%
Saint-Vincent-et-les-Grenadines
75%
Tadjikistan
73%
Rwanda
72%
Nauru
69%
Vanuatu
63%
saint christophe
62%
Tuvalu
60%
sao tomée et principe
1%
Aucun quiz correspondant
Distribution des résultats
% des personnes avec chaque résultat
Percentile par nombre de réponses
Votre historique - résultats
Vous n’avez pas pris ce quiz